000 00586nam a2200229Ia 4500
003 OSt
005 20220928112557.0
006 a|||||r|||| 00| 0
007 ta
008 220927b |||||||| |||| 00| 0 eng d
024 _a46820
037 _cTextual
040 _aSDCL
_cSDCL
_beng
041 _2eng
_aeng
082 _aR292, L8
100 _aDumment Michael
_9428877
245 0 _aTruth and other enigmas.
260 _aLondon
_bDuckworth
_c1978
300 _alviii,470p.
_ccm.
942 _hR292, L8
_cTEXL
_2CC
999 _c745373
_d745373